000 00330 a2200085 4500
245 0 0 _aAkustyka - Pomiary tlumienia wtrącenia tłumików kanalowych bez przepływu Laboratoryjna metoda orientacyjna PN-EN ISO 11691 /
_cNKP nr 238.
246 1 3 _aPN-EN ISO 11691
260 _aWarszawa :
_bNKP nr 238,
_c2000.
300 _a9 stron ;
_c30 cm.
650 _aPolska norma
999 _c20390
_d20390